000 00680nam a2200205 i 4500
001 101420
003 ES-MaACL
005 20230906182912.0
007 t|
008 051018s1918 sp |||| | spa d
100 1 _aMazorriaga, Emeterio.
_979489
245 1 0 _aPlatón el Divino
_b: estudio preliminar a la traducción directa de sus Diálogos /
_cpor Emeterio Mazorriaga.
260 _aMadrid :
_bSuc. de Hernando,
_c1918.
300 _aCDXLVII p. ;
_c18 cm.
490 1 _aBiblioteca clásica ;
_v242
600 0 4 _aPlatón-
_xCrítica e interpretación.
_992599
830 0 _aBiblioteca clásica ;
_v242
_9180370
852 _aES-MaACL
_jF-13219
999 _c101420
_d101420